000 00537nam a22001937a 4500
005 20251108172418.0
008 250721s2002 xx 000 0 ara d
082 1 4 _a618.97/ماي
100 1 _aأدريس، زينة
_eترجمة
245 1 0 _aحول الشيخوخة ......... /
264 1 _aبيروت :
_bدار العربية للعلوم،
_c2002.
300 _a248ص
650 1 7 _aالطب
650 1 7 _aالشيخوخة
650 1 7 _aالأمراض
710 2 _aمايوكلينك
942 _2ddc
_cBK
999 _c78649
_d78649